Sanat - "Rakastettu" - Juha Tapio feat. Johanna Kurkela - Statistics

Yleistilastot
  • Tätä visaa on pelattu 181 kertaa
  • Keskiarvotulos 114 / 159
Vastaustilastot
Vastaus % Oikein
ja
96%
on
94%
rakastettu
92%
nimesi
91%
oikea
90%
olemaan
90%
nimenäsi
89%
tulee
89%
et
86%
sen
86%
sinä
84%
Älä
83%
älä
83%
pelkää
83%
mies
80%
putoamaan
80%
pääse
79%
kaipaa
78%
Eipä
77%
eipä
77%
kuolematon
77%
77%
minä
77%
olin
76%
palttoota
76%
höyhenen
74%
jätti
74%
kun
72%
niin
72%
se
72%
vajoan
72%
en
71%
huoneeseen
71%
joku
71%
kuin
71%
vaikka
69%
kaiken
68%
kestänyt
68%
koskematon
68%
kuiskauksen
67%
läpi
67%
kaukaa
66%
jostakin
65%
lisää
65%
unen
65%
jätin
64%
Jätin
64%
niittää
64%
häpeää
63%
järvessä
63%
kunnes
63%
terä
63%
välkkyvä
63%
virtaa
63%
hallitsen
62%
jääkylmässä
62%
kohti
62%
kuulen
62%
moni
62%
varma
62%
nääntyi
61%
jaloilta
60%
kääntyi
60%
suorilta
60%
uin
60%
yön
60%
kaaduin
59%
melkein
59%
yli
59%
ajoin
58%
kaupungin
58%
kiven
58%
leijun
58%
mää
58%
taakseni
58%
tänne
58%
valkoisen
58%
valot
58%
auki
57%
ikkunan
57%
jaksoin
57%
näin
57%
unessani
57%
voittamisen
57%
vuoteelle
57%
minun
56%
hyvä
55%
mullan
55%
tuoksua
55%
ihmeen
54%
kaikki
54%
maan
54%
tarpeeton
54%
tarvitse
53%
äänesi
52%
riisuttu
52%
sinun
52%
mitään
51%
tähtiä
50%
valkeanaan
48%
hetken
47%
vilkkuu
47%
tuulessa
45%
vielä
45%
järvellä
44%
verhot
43%
keinuvat
40%
kuulusin
1%
Ehtoja vastaavia visoja ei löytynyt
Tulosjakauma
Jokaisen tuloksen saaneiden osuus
Persentiili vastausten määrän mukaan
Tuloshistoriasi
Et ole pelannut tätä visaa